000 00714nam a2200229 a 4500
001 BRCA_454
005 20190320203022.0
008 050905s1991----mx-a---###---#000-0#spa-#
020 _a9682441250
050 4 _aZ244.5
_bM42 1991
100 1 _aMeggs, Philip B.
_91557
245 1 0 _aHistoria del diseño gráfico
_cPhilip B. Meggs.
260 _aMéxico
_bTrillas
_c1991
300 _a562 p.
_bil.
_c28 cm.
500 _aTraducción de: A history of graphic design
500 _aIncluye índice y glosario
504 _aBibliografía: p. 543-547
650 1 4 _aDiseno gráfico (Tipografía)
_xHistoria
_91558
650 1 4 _aDiseño de libros
_xHistoria
_91559
650 1 4 _aEscritura
_xHistoria
_91560
942 _2lcc
_cB
999 _c389
_d389